000 00594nam a2200229Ia 4500
003 GCL
005 20240530100913.0
008 140319s9999 xx 000 0 eng d
040 _aGCL /
_cGCL
082 0 4 _a709.5
_bU A
100 1 _aUPJOHN, EVERARD M.
245 1 0 _aLES ART, DE L'ORIENT ET DE L'EXTREME - ORIENT /
_cUPJOHN, EVERARD M.
260 _anew york :
_boxford university ،
_c1966
300 _a260 P:
_bpictures ;
_c19 cm
650 0 4 _aنجد
650 0 4 _aARTS
650 0 4 _aJAPAN
650 0 4 _aCHINA
650 0 4 _aINDIA
700 1 _aWINGERT, PAUL S.
942 _2ddc
_cBK
999 _c22369
_d22369